| 000 | 00797nam a22001577a 4500 | ||
|---|---|---|---|
| 003 | OSt | ||
| 005 | 20151216152341.0 | ||
| 008 | 151216b xxu||||| |||| 00| 0 eng d | ||
| 040 | _cRUA | ||
| 082 | _aATM PRE 2001 B192 Or.1 | ||
| 100 |
_94949 _aPREY, SOVANN. |
||
| 245 | _aEconomical analysis of the use of portable rice harvester modified by the deparament of agricultural machinery, ការវិភាគសេដ្ឋកិច្ចទៅលើការប្រើប្រាស់ម៉ាស៊ីនច្រូតស្រូវពាក់កណ្តាលស្វ័យប្រវត្តិកែច្នៃ នៅនាយកដ្ឋានគ្រឿងយន្តកសិកម្ម | ||
| 260 |
_aPhnom Penh _bRUA _c2001 |
||
| 300 |
_a53p. _bill. _c29cm. |
||
| 942 |
_2ddc _cATM |
||
| 999 |
_c4598 _d4598 |
||